[Event "Défi"]
[Site "www.echecsemail.com"]
[Date "2026.01.27"]
[Round "1"]
[White "Voyageur"]
[Black "Roidechecs"]
[WhiteElo "1500"]
[BlackElo "1270"]
[Result "1-0"]
1.d4 d5
2.c4 dxc4
3.e3 e6
4.Bf1xc4 Bf8d6
5.Ng1f3 Ng8f6
6.O-O Nb8c6
7.Nb1c3 O-O
8.h3 a6
9.b3 b5
10.Bc4d3 b4
11.Nc3e4 Nf6xe4
12.Bd3xe4 f5
13.Be4xc6 Ra8a7
14.Bc1d2 Bc8d7
15.Bc6xd7 Qd8xd7
16.Ra1c1 Qd7b5
17.Nf3g5 e5
18.Qd1h5 h6
19.Ng5e6 Rf8a8
20.Qh5g6 Bd6f8
21.Qg6xf5 c6
22.Qf5xe5 Qb5xe5
23.dxe5 Ra7e7
24.Ne6xf8 Ra8xf8
25.Bd2xb4 Re7xe5
26.Bb4xf8 Kxf8
27.Rc1xc6 Re5a5
28.Rf1a1 Kf7
29.b4 Ra5d5
30.Rc6xa6 g6
31.Ra1c1 Rd5b5
32.Rc1c7 Kg8
33.Ra6a8 Rb5b8
34.Ra8xb8 1-0

[Event "Défi( 10J+24H/c 10J Max )"]
[Site "www.echecsemail.com"]
[Date "2026.01.27"]
[Round "1"]
[White "Asvel69"]
[Black "Tunnellavage"]
[WhiteElo "1780"]
[BlackElo "1760"]
[Result "1-0"]
1.e4 e5
2.d4 exd4
3.Qd1xd4 Nb8c6
4.Qd4d1 g6
5.a3 Bf8g7
6.Ng1f3 Ng8e7
7.Nb1c3 d6
8.Ra1b1 a6
9.Bf1d3 Bc8e6
10.Bc1e3 Qd8d7
11.Nf3g5 O-O-O
12.h3 h6
13.Ng5xe6 fxe6
14.O-O g5
15.Bd3e2 Ne7g6
16.Be2g4 Bg7xc3
17.bxc3 Ng6e5
18.Rb1b2 Ne5c4
19.Rb2b4 Nc6xb4
20.axb4 Nc4e5
21.Bg4h5 Rd8g8
22.Be3d4 Qd7f7
23.Bh5xf7 { abandon }1-0

[Event "Tournoi n27397"]
[Site "www.echecsemail.com"]
[Date "2026.01.27"]
[Round "1"]
[White "Fouvolant"]
[Black "Jlr"]
[WhiteElo "1410"]
[BlackElo "1380"]
[Result "1-0"]
1.d4 d5
2.c4 dxc4
3.Qd1a4 Bc8d7
4.Qa4xc4 e6
5.e4 a6
6.Qc4b3 b5
7.Ng1f3 Ng8f6
8.Bf1d3 Nb8c6
9.O-O Nf6g4
10.h3 h5
11.Bc1f4 Ng4f6
12.Nb1d2 Nc6a5
13.Qb3c2 Na5c6
14.a3 a5
15.Bd3xb5 e5
16.dxe5 Nf6h7
17.Bb5xc6 Ra8a6
18.Bc6xd7 Qd8xd7
19.Ra1c1 c6
20.Nd2b3 f6
21.exf6 Nh7xf6
22.Rf1d1 Qd7c8
23.Nb3d4 c5
24.Nd4f5 g6
25.Nf5e3 Nf6g4
26.Ne3c4 Ng4f6
27.Bf4e5 Bf8g7
28.Nc4d6 Ra6xd6
29.Rd1xd6 Rh8f8
30.Nf3g5 Ke7
31.Rd6e6 Kd8
32.Rc1d1 Nf6d7
33.Be5xg7 Rf8g8
34.Ng5f7 Kc7
35.Bg7e5 Kb7
36.Nf7d6 Ka8
37.Nd6xc8 Rg8xc8
38.Rd1xd7 c4
39.Re6a6 1-0

[Event "CC Jan26 Asc(2/2)"]
[Site "www.echecsemail.com"]
[Date "2026.01.27"]
[Round "1"]
[White "Patau"]
[Black "Pgo"]
[WhiteElo "1700"]
[BlackElo "1740"]
[Result "0-1"]
1.e4 e5
2.Ng1f3 Nb8c6
3.c3 Bf8c5
4.Nf3xe5 Bc5xf2
5.Kxf2 Nc6xe5
6.d4 Qd8h4
7.g3 Qh4xe4
8.dxe5 Qe4xh1
9.h4 Qh1e4
10.Bc1f4 Ng8e7
11.Bf1g2 Qe4f5
12.Nb1d2 O-O
13.Kg1 Qf5d3
14.Nd2f3 Qd3xd1
15.Ra1xd1 Ne7c6
16.Nf3d4 Nc6xd4
17.Rd1xd4 a6
18.Rd4b4 c6
19.Rb4e4 Rf8e8
20.c4 d5
21.exd6 Re8xe4
22.Bg2xe4 Bc8d7
23.Kg2 Ra8e8
24.Kf3 f5
25.Be4d3 g6
26.Kf2 b5
27.cxb5 axb5
28.Bd3c2 Kf7
29.Bc2b3 Kf6
30.a4 bxa4
31.Bb3xa4 Re8e4
32.b3 Re4b4
33.Kf3 Ke6
34.g4 fxg4
35.Kxg4 Kf6
36.Kg3 h5
37.Bf4g5 Ke6
38.Bg5f4 c5
39.Ba4xd7 Kxd7
40.Bf4e5 Rb4xb3
41.Kf4 c4
42.Kg5 Rb3b5
43.Kf6 Rb5xe5
{ abandon }0-1

[Event "Tournoi n27382"]
[Site "www.echecsemail.com"]
[Date "2026.01.27"]
[Round "1"]
[White "Verson"]
[Black "Nbelnico"]
[WhiteElo "1860"]
[BlackElo "1710"]
[Result "0-1"]
1.d4 d5
2.Ng1f3 Bc8f5
3.e3 a6
4.c3 Nb8c6
5.Qd1b3 b5
6.Nb1d2 e6
7.Bf1e2 a5
8.O-O a4
9.Qb3xb5 Qd8d7
10.b3 axb3
11.Qb5xb3 Ra8b8
12.Qb3d1 Bf8e7
13.c4 Ng8f6
14.Nf3h4 e5
15.Nh4xf5 Qd7xf5
16.dxe5 Qf5xe5
17.Ra1b1 Rb8d8
18.Qd1a4 Qe5d6
19.cxd5 Nf6xd5
20.Be2b5 O-O
21.Bb5xc6 Nd5c3
22.Qa4c2 Qd6xc6
23.Nd2f3 Qc6f6
24.Bc1b2 Be7b4
25.Bb2xc3 Bb4xc3
26.Rf1d1 Rd8xd1
27.Qc2xd1 Rf8d8
28.Qd1c2 g5
29.Rb1d1 Rd8b8
30.h3 Rb8b2
31.Qc2d3 Kg7
32.Rd1c1 Bc3e5
33.Rc1c2 Rb2b1
{ abandon }0-1

[Event "CC Jan26 Asc(2/2)"]
[Site "www.echecsemail.com"]
[Date "2026.01.27"]
[Round "1"]
[White "Pgo"]
[Black "Patau"]
[WhiteElo "1740"]
[BlackElo "1700"]
[Result "0-1"]
1.e4 e5
2.Ng1f3 c6
3.d3 Ng8f6
4.Bc1g5 d5
5.Nf3xe5 Bf8d6
6.Bf1e2 Bd6xe5
7.Nb1c3 dxe4
8.Nc3xe4 h6
9.Bg5h4 O-O
10.c3 Bc8f5
11.O-O Nb8d7
12.h3 Qd8c7
13.Ne4xf6 Be5xf6
14.Bh4g3 Bf6e5
15.Bg3xe5 Nd7xe5
16.g4 Bf5e6
17.f4 Ne5d7
18.Be2f3 Qc7xf4
19.Kg2 Nd7f6
20.Bf3e4 Qf4e5
21.Be4f3 Be6d5
22.d4 Bd5xf3
23.Qd1xf3 Qe5e4
24.Qf3xe4 Nf6xe4
25.h4 Rf8e8
26.Ra1e1 Ne4f6
27.Re1xe8 Ra8xe8
28.Kf3 Nf6d5
29.Rf1f2 Re8e1
30.h5 b5
31.a3 a5
32.Rf2e2 Re1xe2
33.Kxe2 g5
34.hxg6 fxg6
35.Kf3 Kf7
36.Ke4 Ke6
37.Kf3 Kf6
38.Kg3 Kg5
39.Kf3 h5
40.gxh5 gxh5
41.Kg3 Nd5e3
42.Kh3 Ne3d1
43.b4 axb4
44.cxb4 Nd1e3
45.Kg3 Ne3c2
{ abandon }0-1

[Event "Tournoi n27407"]
[Site "www.echecsemail.com"]
[Date "2026.01.27"]
[Round "1"]
[White "Verson"]
[Black "Wenoketo"]
[WhiteElo "1820"]
[BlackElo "1730"]
[Result "1-0"]
1.d4 d5
2.Ng1f3 Ng8f6
3.e3 Nb8c6
4.c3 Bc8f5
5.Bf1d3 Bf5xd3
6.Qd1xd3 e6
7.Nb1d2 Bf8e7
8.O-O O-O
9.e4 dxe4
10.Nd2xe4 Nf6xe4
11.Qd3xe4 Ra8b8
12.Bc1f4 Be7d6
13.Bf4xd6 Qd8xd6
14.Ra1d1 Nc6e7
15.Rf1e1 a6
16.Nf3g5 Ne7g6
17.h4 Qd6d5
18.Qe4xd5 exd5
19.g3 Rb8e8
20.Kf1 Re8xe1
21.Rd1xe1 h6
22.h5 Ng6h8
23.Ng5h3 f6
24.Nh3f4 Rf8c8
25.Nf4xd5 Kf8
26.Nd5f4 c6
27.Re1e6 Kf7
28.Re6e3 Rc8c7
29.g4 g5
30.Nf4d3 b6
31.f4 Kf8
32.fxg5 fxg5
33.Re3f3 Rc7f7
34.Kf2 Rf7xf3
35.Kxf3 Nh8f7
36.Ke4 Ke7
37.b3 Kf6
38.Nd3b4 Nf7d6
39.Kf3 Nd6b5
40.Nb4xc6 Nb5xc3
41.a4 a5
42.Ke3 Ke6
43.Kd3 Nc3d5
44.Ke4 Nd5c3
45.Kd3 Nc3d5
46.Nc6e5 Nd5b4
47.Kc4 Nb4c2
48.Kc3 Nc2e1
49.Kc4 Ne1c2
50.Kd3 Nc2b4
51.Ke4 Nb4d5
52.Ne5c4 Nd5c3
53.Kd3 Nc3d5
54.Nc4e3 Nd5b4
55.Kc4 Nb4a2
56.Ne3f5 { abandon }1-0

[Event "Tournoi échelle division 3"]
[Site "www.echecsemail.com"]
[Date "2026.01.27"]
[Round "1"]
[White "Lancien57"]
[Black "Jlouism"]
[WhiteElo "1440"]
[BlackElo "1560"]
[Result "0-1"]
1.e4 e5
2.Ng1f3 Nb8c6
3.Nb1c3 Ng8f6
4.d4 Bf8b4
5.Qd1d3 d5
6.Bc1d2 dxe4
7.Nc3xe4 Bb4a5
8.Bd2xa5 Nc6xa5
9.Bf1e2 O-O
10.O-O Bc8f5
11.Nf3h4 Bf5xe4
12.Qd3d2 Nf6g4
13.Be2xg4 Qd8xh4
14.Bg4h3 Na5c4
15.Qd2c3 b5
16.dxe5 f6
17.f3 Be4d5
18.b3 Nc4xe5
19.Qc3d2 c6
20.f4 Ne5f7
21.a3 Nf7d6
22.Qd2f2 Qh4h5
23.f5 Nd6e4
24.Qf2f4 Ra8e8
25.Ra1e1 g5
26.fxg6 hxg6
27.Bh3g4 Qh5h7
28.Bg4f3 f5
29.c4 bxc4
30.bxc4 Bd5xc4
31.Bf3xe4 Bc4xf1
32.Kxf1 fxe4
33.Qf4xf8 Re8xf8
34.Kg1 g5
35.h3 Qh7f5
36.a4 Qf5f2
37.Kh2 Qf2xe1
38.a5 Rf8f1
39.g4 Qe1f2
0-1

[Event "Défi( 10J+24H/c 10J Max )"]
[Site "www.echecsemail.com"]
[Date "2026.01.27"]
[Round "1"]
[White "Tunnellavage"]
[Black "Wenoketo"]
[WhiteElo "1720"]
[BlackElo "1710"]
[Result "1-0"]
1.e4 e5
2.Ng1f3 Nb8c6
3.g3 Bf8c5
4.Bf1g2 d6
5.Nb1c3 a6
6.a3 Ng8e7
7.d3 O-O
8.O-O Bc8g4
9.h3 Bg4h5
10.g4 Bh5g6
11.Nf3h4 Qd8d7
12.Nh4f5 Bg6xf5
13.gxf5 f6
14.Kh2 Bc5a7
15.Qd1g4 Kh8
16.h4 Rf8g8
17.h5 Nc6d4
18.Qg4d1 c5
19.Nc3e2 Nd4xe2
20.Qd1xe2 Ba7b8
21.Bg2h3 Qd7c7
22.Rf1g1 Ne7c6
23.c3 Nc6a5
24.Bc1e3 b5
25.Rg1g4 Na5b3
26.Ra1g1 Bb8a7
27.Qe2f3 Ba7b6
28.Qf3g2 Ra8a7
29.h6 g5
30.fxg6 Rg8xg6
31.Rg4xg6 hxg6
32.Qg2xg6 Qc7f7
33.Qg6f5 Ra7c7
34.Rg1g7 Qf7xg7
35.hxg7 Kxg7
36.Qf5e6 { abandon }1-0

[Event "Défi( 10J+36H/c 30J Max )"]
[Site "www.echecsemail.com"]
[Date "2026.01.27"]
[Round "1"]
[White "Lilou"]
[Black "Anumisme"]
[WhiteElo "1330"]
[BlackElo "1150"]
[Result "0-1"]
1.e4 e5
2.d3 Ng8f6
3.g3 c6
4.Ng1f3 Bf8c5
5.Nf3xe5 d6
6.Ne5f3 Bc8g4
7.h3 Bg4xf3
8.Qd1xf3 Nb8d7
9.Bc1d2 Nd7e5
10.Qf3f5 g6
11.Qf5g5 Bc5d4
12.Nb1c3 Ne5f3
13.Ke2 Nf3xg5
14.h4 Qd8a5
15.hxg5 Qa5a6
16.Bd2f4 Nf6h5
17.Bf4xd6 Bd4xc3
18.bxc3 Ra8d8
19.e5 Qa6b5
20.Bd6a3 Qb5xe5
21.Kd1 Qe5xc3
22.Ra1b1 Qc3xa3
23.Bf1g2 O-O
24.Rb1xb7 Qa3xa2
25.Bg2xc6 Qa2e6
26.Rh1e1 Qe6xc6
27.Re1e7 Qc6h1
28.Kd2 Nh5g7
29.Rb7xa7 Qh1g2
30.Ke2 Ng7f5
31.Re7c7 Rf8e8
32.Kd2 Qg2xf2
33.Kc3 Rd8c8
34.Kb2 Rc8b8
35.Kc3 Nf5e3
36.d4 Qf2xc2
0-1

[Event "Coupe Niveau 3"]
[Site "www.echecsemail.com"]
[Date "2026.01.27"]
[Round "1"]
[White "Woluwe1975"]
[Black "Luc20"]
[WhiteElo "1640"]
[BlackElo "1830"]
[Result "1/2-1/2"]
1.e4 e6
2.Ng1f3 d5
3.e5 c5
4.d4 Nb8c6
5.c3 a6
6.Bf1d3 b5
7.O-O c4
8.Bd3c2 Ng8e7
9.Rf1e1 Ne7f5
10.g4 Nf5h4
11.Nf3g5 h6
12.Ng5h3 Bf8e7
13.f3 b4
14.Bc1f4 Ra8b8
15.Nb1d2 bxc3
16.bxc3 Nh4g6
17.Bf4g3 Be7h4
18.Nd2f1 O-O
19.Ra1b1 Qd8a5
20.Rb1xb8 Nc6xb8
21.Qd1a1 Bc8d7
22.a4 Rf8c8
23.Re1e2 Bd7e8
24.Kg2 Nb8d7
25.Re2e3 Rc8b8
26.Nf1d2 Nd7b6
27.Bc2xg6 Bh4xg3
28.Kxg3 fxg6
29.f4 Qa5xa4
30.Qa1b1 Nb6d7
31.Qb1c1 Qa4a2
32.Nh3g1 Rb8b2
33.Ng1f3 Rb2c2
34.Qc1b1 Qa2xb1
35.Nd2xb1 Nd7b6
36.Nb1d2 Nb6a4
37.Nd2b1 Na4b2
38.Nb1a3 Nb2d3
39.Na3xc2 Be8a4
40.Nf3e1 Nd3b2
41.Nc2b4 a5
42.Nb4a6 Ba4b3
43.h4 a4
44.Na6b4 a3
45.Re3e2 Nb2d1
46.Nb4a2 Nd1b2
47.f5 Bb3xa2
48.fxe6 Kf8
49.Ne1c2 Nb2a4
50.Nc2xa3 Na4xc3
51.Re2f2 Ke7
52.Rf2f7 Kxe6
53.Rf7xg7 Ba2b1
54.Rg7b7 Nc3e4
55.Kh3 Bb1d3
56.Rb7b6 Ke7
57.Kg2 c3
58.Rb6xg6 c2
59.Na3xc2 Bd3xc2
60.Rg6xh6 Ne4c3
61.Rh6f6 Nc3b5
62.h5 Nb5xd4
63.Rf6d6 Bc2e4
64.Kh3 Nd4e6
65.Kh4 d4
66.h6 d3
67.g5 Be4g6
68.Kg3 Bg6h7
69.Kf2 Ne6xg5
70.Ke3 Ng5f7
71.Rd6d5 Nf7xh6
72.Rd5a5 Nh6f7
73.e6 Kxe6
74.Ra5a7 Bh7g6
75.Ra7a6 Nf7d6
76.Kd2 Bg6f5
77.Ke3 Ke5
78.Ra6a5 Ke6
79.Ra5xf5 Kxf5
80.Kxd3 1/2-1/2

[Event "Transval 3"]
[Site "www.echecsemail.com"]
[Date "2026.01.27"]
[Round "1"]
[White "Abelito"]
[Black "Patau"]
[WhiteElo "1560"]
[BlackElo "1720"]
[Result "1-0"]
1.e4 e5
2.Bf1c4 c6
3.Ng1f3 d5
4.exd5 cxd5
5.Bc4b3 e4
6.Nf3d4 Nb8c6
7.c3 Ng8f6
8.Qd1e2 Bf8c5
9.Bb3a4 Bc8d7
10.b4 Bc5xd4
11.cxd4 Nc6xd4
12.Qe2e3 Bd7xa4
13.Qe3xd4 O-O
14.Nb1c3 Ba4c2
15.O-O Bc2d3
16.Rf1e1 Qd8d6
17.a4 Rf8e8
18.Nc3b5 Bd3xb5
19.axb5 Qd6b6
20.Qd4e3 Qb6xe3
21.dxe3 Re8c8
22.Bc1b2 Rc8c2
23.Bb2d4 a6
24.b6 Nf6g4
25.Re1f1 Ra8c8
26.b5 axb5
27.h3 Ng4f6
28.Ra1a7 Rc2c1
29.Ra7xb7 Rc1xf1
30.Kxf1 Rc8c1
31.Ke2 Nf6e8
32.Rb7b8 Kf8
33.b7 Rc1c7
34.Bd4e5 Rc7d7
35.Be5d6 { abandon }1-0

[Event "Eq:Pirates du Mat-O fou d hello :"]
[Site "www.echecsemail.com"]
[Date "2026.01.27"]
[Round "1"]
[White "Eltche"]
[Black "Sanvic76"]
[WhiteElo "2600"]
[BlackElo "1830"]
[Result "1-0"]
1.d4 d5
2.c4 e6
3.Nb1c3 c5
4.Ng1f3 Nb8c6
5.cxd5 exd5
6.dxc5 Bf8xc5
7.e3 Bc8g4
8.Nc3xd5 Ng8e7
9.Nd5c3 Bc5b4
10.Qd1xd8 Ra8xd8
11.Bf1e2 O-O
12.O-O a6
13.h3 Bg4h5
14.Rf1d1 f6
15.Bc1d2 Rd8d7
16.Nc3e4 Rf8d8
17.Bd2xb4 Rd7xd1
18.Ra1xd1 Rd8xd1
19.Be2xd1 Nc6xb4
20.Kh2 Nb4xa2
21.Bd1b3 Bh5f7
22.Bb3xf7 Kxf7
23.Ne4d6 Kg6
24.Nd6xb7 Na2b4
25.Nb7c5 a5
26.Nf3d2 Ne7c6
27.Nd2c4 Kf7
28.Kg1 Ke7
29.Kf1 Nb4d5
30.Nc5b7 a4
31.Nb7c5 Nc6b4
32.Nc5xa4 Nb4d3
33.Ke2 Nd5b4
34.f3 Ke6
35.e4 Nd3f4
36.Kf2 Nf4d3
37.Ke3 Nd3e5
38.Nc4xe5 Kxe5
39.f4 Kd6
40.Na4c3 Nb4c2
41.Kd2 Nc2d4
42.b4 Kc6
43.Kd3 Nd4b5
44.Nc3xb5 Kxb5
45.Kc3 g6
46.e5 fxe5
47.fxe5 Kc6
48.Kc4 g5
49.g3 { abandon }1-0

[Event "Défi( 10J+24H/c 10J Max )"]
[Site "www.echecsemail.com"]
[Date "2026.01.27"]
[Round "1"]
[White "Tunnellavage"]
[Black "Chevalice"]
[WhiteElo "1740"]
[BlackElo "1670"]
[Result "1-0"]
1.e4 e5
2.Ng1f3 Nb8c6
3.g3 Ng8f6
4.Nb1c3 Bf8c5
5.Bf1g2 d5
6.exd5 Nf6xd5
7.O-O O-O
8.d3 f6
9.Nc3e4 Bc5b6
10.c4 Nd5b4
11.c5 Bb6a5
12.Qd1b3 Nb4d5
13.Qb3c4 a6
14.a3 b5
15.Qc4a2 b4
16.Bc1d2 b3
17.Qa2xb3 Ba5xd2
18.Nf3xd2 Nc6d4
19.Qb3c4 Bc8e6
20.Qc4a4 f5
21.Ne4c3 c6
22.Ra1e1 Qd8c7
23.Nd2c4 Nd5xc3
24.bxc3 Be6xc4
25.Qa4xc4 Kh8
26.cxd4 exd4
27.Qc4xd4 Ra8d8
28.Qd4c4 a5
29.d4 Rd8d7
30.Re1e5 Rf8d8
31.Re5xf5 Rd7xd4
32.Qc4e2 a4
33.Rf5e5 h6
34.Rf1e1 Rd4d2
35.Re5e8 Kh7
36.Bg2e4 g6
37.Qe2h5 Qc7f7
38.Re8e7 Qf7xe7
39.Be4xg6 { abandon }1-0

[Event "Coupe Niveau 3"]
[Site "www.echecsemail.com"]
[Date "2026.01.27"]
[Round "1"]
[White "Verson"]
[Black "Tartu"]
[WhiteElo "1850"]
[BlackElo "1710"]
[Result "1-0"]
1.d4 f5
2.Ng1f3 Ng8f6
3.e3 d5
4.Bf1d3 e6
5.Nb1d2 Nb8c6
6.c3 Bf8d6
7.O-O O-O
8.a3 a6
9.b4 b5
10.Bc1b2 e5
11.dxe5 Nc6xe5
12.Nf3xe5 Bd6xe5
13.Qd1c2 Nf6e4
14.Nd2f3 Be5f6
15.Ra1d1 Bc8b7
16.c4 bxc4
17.Bd3xe4 fxe4
18.Bb2xf6 Qd8xf6
19.Nf3d4 Ra8d8
20.f3 Qf6g6
21.fxe4 Qg6xe4
22.Qc2xe4 dxe4
23.Rd1c1 Bb7d5
24.Nd4e2 c6
25.Ne2c3 Rf8xf1
26.Rc1xf1 g6
27.Rf1d1 Kf7
28.Nc3xe4 Ke7
29.Ne4c3 Bd5f7
30.Kf2 Rd8d3
31.Rd1xd3 cxd3
32.Ke1 Kd6
33.Kd2 Bf7c4
34.Nc3e4 Kd5
35.Ne4f2 c5
36.bxc5 Kxc5
37.Nf2xd3 Kb5
38.Nd3b2 Bc4f1
39.g3 Kc5
40.Ke1 Bf1g2
41.Kf2 Bg2e4
42.g4 Kd5
43.Kg3 g5
44.h4 gxh4
45.Kxh4 Be4b1
46.Kg3 Ke4
47.Kf2 Bb1a2
48.Ke2 h6
49.Nb2d1 Ba2e6
50.Nd1f2 Ke5
51.Nf2d3 Kd5
52.Nd3f4 Ke5
53.Nf4xe6 Kxe6
54.Kf3 Kf6
55.Kf4 Ke6
56.e4 Kf6
57.e5 Ke6
58.Ke4 a5
59.a4 Ke7
60.Kf5 Kf7
61.e6 Ke7
62.Kg6 Kxe6
63.Kxh6 Kf6
64.g5 Kf7
65.Kh7 { abandon }1-0

[Event "Défi"]
[Site "www.echecsemail.com"]
[Date "2026.01.27"]
[Round "1"]
[White "Tiounet"]
[Black "Cocodou"]
[WhiteElo "1660"]
[BlackElo "1650"]
[Result "0-1"]
1.a3 d5
2.b4 e5
3.Bc1b2 Bf8d6
4.Ng1f3 Nb8d7
5.g3 Ng8f6
6.Bf1g2 O-O
7.O-O h6
8.d3 c6
9.Nb1d2 Qd8e7
10.e3 a6
11.c4 Bd6c7
12.cxd5 cxd5
13.Ra1c1 Bc7d6
14.Nd2b3 b6
15.Rc1c6 Bc8b7
16.Rc6c2 Rf8e8
17.Qd1a1 Ra8b8
18.Rf1c1 Kh8
19.Nb3d2 Kh7
20.Nf3h4 g6
21.Nd2b1 Rb8c8
22.Nb1c3 Qe7e6
23.Nc3e2 Rc8xc2
24.Rc1xc2 Kg7
25.Nh4f3 Qe6f5
26.Nf3h4 Qf5e6
27.Ne2c3 b5
28.Nc3e2 g5
29.Nh4f3 Re8c8
30.Rc2xc8 Bb7xc8
31.Kh1 Nf6g4
32.Kg1 Bc8b7
33.Nf3d2 f5
34.Ne2c3 Ng4f6
35.e4 f4
36.exd5 Bb7xd5
37.Nc3xd5 Nf6xd5
38.Nd2e4 Bd6e7
39.d4 Kg6
40.dxe5 fxg3
41.hxg3 Nd5b6
42.Bb2d4 Nb6c4
43.Qa1c3 Nd7xe5
44.Ne4c5 Be7xc5
45.Bd4xc5 Qe6f5
46.Qc3e1 Kf6
47.Bg2e4 Qf5h3
48.Bc5d4 Ke6
49.Be4g2 Qh3f5
50.Bg2b7 Kd6
51.Bb7xa6 Ne5f3
{ abandon }0-1

[Event "Tournoi n27392"]
[Site "www.echecsemail.com"]
[Date "2026.01.27"]
[Round "1"]
[White "Fouvolant"]
[Black "Ozon"]
[WhiteElo "1430"]
[BlackElo "1630"]
[Result "1-0"]
1.e4 e5
2.Ng1f3 Nb8c6
3.Bf1c4 Ng8f6
4.Nf3g5 d5
5.exd5 Nf6xd5
6.d4 exd4
7.O-O Nc6e5
8.Rf1e1 Qd8d6
9.Ng5xf7 Kxf7
10.Qd1h5 Kg8
11.Qh5xe5 Qd6xe5
12.Re1xe5 c6
13.Re5xd5 Bc8e6
14.Rd5d8 Be6xc4
15.Rd8xa8 h6
16.Nb1d2 Bc4f7
17.Ra8xa7 Bf8c5
18.Ra7xb7 Bf7d5
19.Nd2b3 Bc5d6
20.Nb3xd4 Kh7
21.Nd4f5 Rh8e8
22.Rb7xg7 Kh8
23.Bc1e3 Bd6e5
24.Rg7e7 Re8xe7
25.Nf5xe7 Bd5f7
26.c3 Bf7e8
27.Be3c5 { abandon }1-0

[Event "Transval 3"]
[Site "www.echecsemail.com"]
[Date "2026.01.27"]
[Round "1"]
[White "Woluwe1975"]
[Black "4x4"]
[WhiteElo "1640"]
[BlackElo "1450"]
[Result "1-0"]
1.e4 e5
2.Ng1f3 d6
3.c3 Nb8c6
4.d4 Bc8g4
5.d5 Nc6e7
6.Bf1e2 Qd8d7
7.h3 Bg4xf3
8.Be2xf3 c5
9.c4 O-O-O
10.Nb1c3 Ng8f6
11.Bc1e3 h6
12.Bf3e2 g5
13.Be2d3 Ne7g6
14.Qd1c2 Ng6f4
15.Bd3f1 b6
16.g3 Nf4h5
17.Bf1e2 Bf8e7
18.a4 Be7f8
19.b3 Bf8e7
20.Be2f1 Nh5g7
21.Bf1g2 Nf6e8
22.a5 f5
23.Be3d2 f4
24.g4 Qd7b7
25.axb6 Qb7xb6
26.f3 Ne8c7
27.Ke2 Kb7
28.Nc3a4 Qb6a6
29.Na4xc5 dxc5
30.Ra1xa6 Nc7xa6
31.Bd2a5 Rd8d6
32.Qc2c3 Be7f6
33.b4 Na6xb4
34.Ba5xb4 cxb4
35.Qc3xb4 Rd6b6
36.Qb4d2 Ng7e8
37.Qd2a2 a6
38.Rh1b1 Rb6xb1
39.Qa2xb1 Kc7
40.Qb1a2 Kb7
41.Kd3 Ne8c7
42.Qa2b3 Ka7
43.c5 Nc7b5
44.Qb3a4 Bf6e7
45.d6 Rh8d8
46.Qa4a5 Be7f6
47.Bg2f1 Nb5d4
48.Qa5b6 Ka8
49.Qb6xa6 Kb8
50.Qa6b6 Kc8
51.Qb6c7 1-0

[Event "Tournoi n27403"]
[Site "www.echecsemail.com"]
[Date "2026.01.27"]
[Round "1"]
[White "Voyageur"]
[Black "Nogean"]
[WhiteElo "1630"]
[BlackElo "1690"]
[Result "0-1"]
1.d4 Ng8f6
2.c4 c5
3.d5 d6
4.Ng1f3 g6
5.b3 Bf8g7
6.Bc1b2 O-O
7.e3 a6
8.Nb1d2 Qd8a5
9.Bf1e2 Nf6e4
10.Bb2xg7 Kxg7
11.O-O Ne4c3
12.Qd1c1 Nc3xe2
{ abandon }0-1

[Event "Coupe Niveau 2"]
[Site "www.echecsemail.com"]
[Date "2026.01.27"]
[Round "1"]
[White "Woluwe1975"]
[Black "Domenico"]
[WhiteElo "1630"]
[BlackElo "1820"]
[Result "0-1"]
1.f4 d5
2.e3 Bc8f5
3.Ng1f3 e6
4.d4 Nb8c6
5.Bf1b5 Bf8d6
6.O-O Ng8e7
7.c3 O-O
8.Bb5a4 a6
9.b4 b5
10.Ba4c2 a5
11.Bc1b2 a4
12.a3 Bf5xc2
13.Qd1xc2 Ne7f5
14.Bb2c1 Nc6e7
15.g4 Nf5h6
16.Nf3g5 Ne7g6
17.f5 exf5
18.e4 fxe4
19.Bc1e3 Nh6xg4
20.Be3f4 Bd6xf4
21.Qc2d1 Qd8xg5
22.Kh1 Ng4xh2
23.Rf1g1 Qg5h4
24.Ra1a2 Nh2f3
{ abandon }0-1

[Event "Défi"]
[Site "www.echecsemail.com"]
[Date "2026.01.27"]
[Round "1"]
[White "Jlr"]
[Black "Speedyfil"]
[WhiteElo "1380"]
[BlackElo "1440"]
[Result "1-0"]
1.e4 d5
2.exd5 Qd8xd5
3.Nb1c3 Qd5a5
4.d4 Ng8f6
5.Bf1b5 c6
6.Bb5c4 Bc8e6
7.Bc4xe6 fxe6
8.a3 g6
9.b4 Qa5h5
10.f3 Bf8g7
11.Bc1f4 Nb8d7
12.Qd1e2 Qh5h4
13.g3 Qh4h5
14.g4 Qh5h4
15.Bf4g3 Qh4g5
16.h4 Nf6d5
17.hxg5 Nd5xc3
18.Qe2c4 Nc3d5
19.Ng1e2 O-O
20.Qc4d3 Rf8f7
21.c4 Nd5b6
22.Ne2f4 Ra8f8
23.Nf4xe6 Rf8d8
24.Ne6xd8 Rf7f8
25.Nd8xb7 Nb6c8
26.c5 Rf8f7
27.Nb7d8 Rf7f8
28.Nd8e6 Rf8f7
29.O-O-O h6
30.Qd3xg6 { abandon }1-0

[Event "Défi"]
[Site "www.echecsemail.com"]
[Date "2026.01.27"]
[Round "1"]
[White "Rocketman"]
[Black "Elghribi"]
[WhiteElo "2000"]
[BlackElo "1910"]
[Result "1-0"]
1.d4 Ng8f6
2.c4 g6
3.Nb1c3 Bf8g7
4.e4 d6
5.f3 O-O
6.Bc1e3 h6
7.Qd1d2 Kh7
8.Bf1d3 Nb8c6
9.Ng1e2 e5
10.d5 Nc6e7
11.g4 Nf6e8
12.h4 f5
13.gxf5 gxf5
14.O-O-O f4
15.Be3f2 h5
16.Ne2g1 Ne7g6
17.Qd2e1 Bg7f6
18.Ng1e2 Rf8g8
19.Kb1 Bf6e7
20.Nc3a4 Bc8d7
21.Ne2c3 Ne8f6
22.c5 Qd8e8
23.Bd3c2 Rg8g7
24.Qe1e2 Qe8f7
25.Nc3b5 Nf6e8
26.cxd6 cxd6
27.Nb5xa7 Ne8f6
28.Na7b5 Ra8c8
29.Na4b6 Bd7xb5
30.Qe2xb5 Rc8c7
31.Nb6a8 Rc7d7
32.Bc2d3 Qf7e8
33.Qb5a5 Rg7g8
34.Na8c7 Qe8f7
35.Nc7e6 Nf6e8
36.Ne6g5 Be7xg5
37.hxg5 Ne8g7
38.Bd3f1 Qf7e7
39.Bf1h3 Rd7d8
40.Rd1g1 Rd8a8
41.Qa5e1 Ra8a6
42.Bh3g4 Rg8a8
43.a3 Kg8
44.Bg4xh5 Ng7xh5
45.Rh1xh5 Kg7
46.Rg1h1 Ra8h8
47.Rh5xh8 Ng6xh8
48.Qe1g1 Nh8g6
49.Qg1h2 Ng6f8
50.Qh2h8 Kf7
51.Qh8h5 Kg8
52.Qh5h8 Kf7
53.g6 { abandon }1-0

[Event "Tournoi n27403"]
[Site "www.echecsemail.com"]
[Date "2026.01.27"]
[Round "1"]
[White "Wenoketo"]
[Black "Nogean"]
[WhiteElo "1710"]
[BlackElo "1690"]
[Result "0-1"]
1.d4 Ng8f6
2.Ng1f3 c5
3.dxc5 Qd8a5
4.Bc1d2 Qa5xc5
5.Nb1c3 g6
6.e3 Bf8g7
7.Bf1e2 O-O
8.O-O d6
9.h3 Nb8d7
10.Ra1b1 Nd7b6
11.b3 a6
12.b4 Qc5c7
13.a4 Nb6d7
14.Nc3a2 b6
15.c4 Bc8b7
16.Bd2c3 d5
17.cxd5 Bb7xd5
18.Na2c1 Qc7xc3
{ abandon }0-1

[Event "ZGOUGOU"]
[Site "www.echecsemail.com"]
[Date "2026.01.27"]
[Round "1"]
[White "4x4"]
[Black "Mindthegap"]
[WhiteElo "1480"]
[BlackElo "1440"]
[Result "1-0"]
1.e4 e5
2.Ng1f3 Nb8c6
3.Nb1c3 Ng8f6
4.Bf1c4 Nf6xe4
5.Nc3xe4 d5
6.Ne4g5 dxc4
7.b3 Bc8g4
8.Bc1b2 Bg4xf3
9.Ng5xf3 e4
10.Nf3g1 Bf8c5
11.Bb2xg7 Rh8g8
12.Bg7c3 Rg8xg2
13.Qd1e2 Bc5xf2
14.Kd1 Rg2xg1
15.Rh1xg1 Bf2xg1
16.Qe2xe4 Qd8e7
17.Qe4xe7 Nc6xe7
18.Ke2 O-O-O
19.Ra1xg1 Ne7d5
20.bxc4 Nd5f4
21.Kf3 Nf4e6
22.d3 c5
23.Rg1g4 f5
24.Rg4h4 Ne6g5
25.Kf4 Ng5e6
26.Kxf5 Ne6f8
27.Bc3f6 Rd8e8
28.Bf6e5 Nf8g6
29.Rh4e4 Ng6e7
30.Kf4 Ne7g6
31.Kf5 Ng6e7
32.Kf6 Ne7g6
33.Be5d6 Re8xe4
34.dxe4 Ng6h4
35.e5 Nh4f3
36.e6 Nf3xh2
37.Bd6xh2 Kd8
38.Kf7 { abandon }1-0

[Event "Défi"]
[Site "www.echecsemail.com"]
[Date "2026.01.27"]
[Round "1"]
[White "Wenoketo"]
[Black "Vvvv"]
[WhiteElo "1730"]
[BlackElo "1680"]
[Result "1-0"]
1.d4 g6
2.Ng1f3 Bf8g7
3.Bc1f4 d6
4.Nb1d2 Nb8d7
5.e3 e5
6.dxe5 dxe5
7.Bf4g3 a6
8.Bf1c4 b5
9.Bc4b3 Bc8b7
10.O-O Ng8f6
11.a3 O-O
12.Qd1e2 Nf6e4
13.Nd2xe4 Bb7xe4
14.Nf3d2 Nd7c5
15.f3 Nc5xb3
16.Nd2xb3 Be4d5
17.Ra1d1 c6
18.e4 Bd5c4
19.Qe2e3 Qd8c7
20.Rf1e1 Bc4xb3
21.Qe3xb3 Bg7f6
22.Qb3c3 Ra8a7
23.Rd1d3 Rf8d8
24.Re1d1 Rd8xd3
25.Rd1xd3 Ra7a8
26.Qc3d2 Qc7e7
27.Rd3d7 Qe7c5
28.Bg3f2 Qc5c4
29.b3 Qc4e6
30.Rd7d6 Ra8d8
31.Rd6xd8 Bf6xd8
32.Qd2xd8 Kg7
33.Qd8b6 Qe6d6
34.g3 Qd6d1
35.Kg2 Qd1xc2
36.Qb6xa6 Qc2c3
37.b4 h5
38.Bf2c5 { abandon }1-0

[Event "Tournoi n27410"]
[Site "www.echecsemail.com"]
[Date "2026.01.27"]
[Round "1"]
[White "Wenoketo"]
[Black "Tiounet"]
[WhiteElo "1700"]
[BlackElo "1560"]
[Result "0-1"]
1.d4 b5
2.Ng1f3 Bc8b7
3.e3 a6
4.Bf1e2 g6
5.O-O Bf8g7
6.Bc1d2 e6
7.a3 Ng8e7
8.Nb1c3 O-O
9.Ra1c1 d6
10.h3 Nb8d7
11.Be2d3 c5
12.dxc5 Nd7xc5
13.Bd3e2 Ra8c8
14.b4 Nc5d7
15.Be2d3 Nd7b6
16.Nc3e2 Bb7xf3
17.gxf3 Bg7b2
18.Rc1b1 Bb2xa3
19.Rb1a1 Ba3b2
20.Ra1xa6 Nb6d5
21.Bd3xb5 Bb2g7
22.Bb5d3 Rc8b8
23.b5 Nd5c7
24.Ra6a5 Qd8d7
25.c4 d5
26.Qd1b1 dxc4
27.Bd3xc4 Qd7xd2
28.Ra5a2 Qd2d6
29.f4 Qd6c5
30.Bc4d3 Nc7xb5
31.Bd3xb5 Rb8xb5
32.Qb1c2 Qc5xc2
{ abandon }0-1

[Event "Transval 3"]
[Site "www.echecsemail.com"]
[Date "2026.01.27"]
[Round "1"]
[White "Patau"]
[Black "Abelito"]
[WhiteElo "1720"]
[BlackElo "1560"]
[Result "1-0"]
1.e4 e5
2.Ng1f3 Ng8f6
3.Nb1c3 d6
4.d4 Qd8e7
5.h3 c5
6.dxe5 dxe5
7.Bf1c4 Nb8c6
8.O-O Bc8e6
9.Nc3d5 Nf6xd5
10.Bc4xd5 Nc6b4
11.c3 Nb4xd5
12.exd5 Ra8d8
13.c4 h6
14.Nf3xe5 Qe7c7
15.Rf1e1 Bf8d6
16.dxe6 Bd6xe5
17.exf7 Kf8
18.Qd1b3 Be5h2
19.Kh1 Qc7a5
20.Bc1e3 Bh2d6
21.Qb3xb7 Qa5c7
22.Qb7xc7 Bd6xc7
23.Be3xc5 Kxf7
24.Re1e7 Kg6
25.Re7xc7 Rd8c8
26.Rc7xc8 Rh8xc8
27.b4 a5
28.a3 a4
29.Ra1d1 Kh7
30.Rd1d7 Rc8c6
31.Rd7a7 Rc6f6
32.f3 Rf6f4
33.Ra7xa4 Rf4xc4
34.Ra4a7 Rc4f4
35.a4 Rf4c4
36.a5 Rc4c1
37.Kh2 { abandon }1-0

[Event "Tournoi n27424"]
[Site "www.echecsemail.com"]
[Date "2026.01.27"]
[Round "1"]
[White "Tiounet"]
[Black "Wenoketo"]
[WhiteElo "1580"]
[BlackElo "1700"]
[Result "0-1"]
1.a3 e5
2.b4 a6
3.Bc1b2 Nb8c6
4.g3 Ng8f6
5.Bf1g2 Bf8e7
6.Ng1f3 d6
7.O-O O-O
8.d3 Bc8d7
9.c4 h6
10.Nb1d2 Qd8c8
11.Ra1c1 Bd7h3
12.Rf1e1 Bh3xg2
13.Kxg2 Nf6h7
14.Qd1b3 Nh7g5
15.Nf3xg5 Be7xg5
16.Re1d1 Rf8e8
17.Rc1c2 Re8e6
18.Nd2e4 Bg5e7
19.d4 exd4
20.b5 axb5
21.cxb5 Nc6a5
22.Qb3b4 Re6xe4
23.Rd1xd4 Re4xd4
24.Bb2xd4 b6
25.Bd4xb6 Qc8b7
26.Kg1 Qb7xb6
27.a4 Kf8
28.Qb4c3 Ra8c8
{ abandon }0-1